WHAT WORKS FOR GE MAY NOT WORK FOR YOU U (Record no. 17729)

MARC details
000 -LEADER
fixed length control field 00374nam a2200145Ia 4500
008 - FIXED-LENGTH DATA ELEMENTS--GENERAL INFORMATION
fixed length control field 240624s9999 xx 000 0 und d
041 ## - LANGUAGE CODE
Language code of text/sound track or separate title eng
082 ## - DEWEY DECIMAL CLASSIFICATION NUMBER
Classification number 658.4013 SOL
100 ## - MAIN ENTRY--PERSONAL NAME
Personal name SOLOW LAWRENCE
245 ## - TITLE STATEMENT
Title WHAT WORKS FOR GE MAY NOT WORK FOR YOU U
250 ## - EDITION STATEMENT
Edition statement 11
260 ## - PUBLICATION, DISTRIBUTION, ETC.
Date of publication, distribution, etc. 2010
Place of publication, distribution, etc. New York
Name of publisher, distributor, etc. CRC Press
300 ## - PHYSICAL DESCRIPTION
Extent xxvi, : 179 : p. : cm. ; 23
365 ## - TRADE PRICE
Currency code BPS
Price amount 27
Holdings
Withdrawn status Lost status Damaged status Not for loan Home library Current library Shelving location Date acquired Source of acquisition Cost, normal purchase price Full call number Barcode Date last seen Copy number Price effective from Koha item type
        IMTN IMTN Rack 27-B 09/13/2011 BWE 25.99 658.4013 SOL 17729 06/24/2024 75.8 06/24/2024 Books
Designed & Maintained by: LRC IMT Nagpur Contact: lrc@imtnag.ac.in© 2024. All Rights Reserved.